000 00442nam a2200169Ia 4500
001 10047
003 IN-NITTTR
005 20251114233053.0
008 251113s9999||||xx |||||||||||||| ||eng||
040 _beng
040 _cIN-NITTTR
041 _aeng
082 _a370.7J254T
100 _aJangira, N. K.
245 0 _aTeacher training and teacher effectiveness :
_b an experiment in teacher behaviour /
_cJangira, N. K.
942 _2ddc
_cBK
999 _c12684
_d12684